000 00600nam a2200193 i 4500
001 36434
003 ES-MaACL
005 20230906155352.0
007 t|
008 030218s1955 sp ||||1| spa d
100 1 _aBujanda, Jesús.
_932480
245 1 0 _aAngeles, demonios, magos...
_b: y Teología católica /
_cpor Jesús Bujanda.
260 _aMadrid :
_bRazón y Fé,
_c[1955] (
_fBolaños y Aguilar)
300 _a384 p. ;
_c15 cm.
490 1 _aBiblioteca de espiritualidad
830 0 _aBiblioteca de espiritualidad
_9181642
852 _aES-MaACL
_jC-10136
_bR.37945
999 _c36434
_d36434